LEADER 01910nam 2200577 a 450 001 9910457488903321 005 20200520144314.0 010 $a0-8156-5135-X 035 $a(CKB)2550000000050764 035 $a(OCoLC)757669341 035 $a(CaPaEBR)ebrary10493625 035 $a(SSID)ssj0000534392 035 $a(PQKBManifestationID)11344870 035 $a(PQKBTitleCode)TC0000534392 035 $a(PQKBWorkID)10511510 035 $a(PQKB)11036962 035 $a(MiAaPQ)EBC3410060 035 $a(OCoLC)780342303 035 $a(MdBmJHUP)muse3601 035 $a(Au-PeEL)EBL3410060 035 $a(CaPaEBR)ebr10493625 035 $a(CaONFJC)MIL946944 035 $a(EXLCZ)992550000000050764 100 $a20110314d2011 uy 0 101 0 $aeng 135 $aurcn||||||||| 181 $ctxt 182 $cc 183 $acr 200 10$aBeside one's self$b[electronic resource] $ehomelessness felt and lived /$fCatherine Robinson 205 $a1st ed. 210 $aSyracuse, N.Y. $cSyracuse University Press$d2011 215 $a1 online resource (195 p.) 225 1 $aSpace, place, and society 300 $aBibliographic Level Mode of Issuance: Monograph 311 $a0-8156-3252-5 320 $aIncludes bibliographical references and index. 327 $aIntroduction : homelessness felt and lived : "inadmissaible evidence" -- Corporeography : sensing the other -- Beside one's self -- "Doing the geographical" -- Outside community -- Conclusion : remaking homelessness. 410 0$aSpace, place, and society. 606 $aHomelessness$zAustralia 608 $aElectronic books. 615 0$aHomelessness 676 $a362.50994 700 $aRobinson$b Catherine$0885192 801 0$bMiAaPQ 801 1$bMiAaPQ 801 2$bMiAaPQ 906 $aBOOK 912 $a9910457488903321 996 $aBeside one's self$91976486 997 $aUNINA LEADER 02915nam 22006491 450 001 9910453959503321 005 20200520144314.0 010 $a1-61147-636-4 035 $a(CKB)2550000001150926 035 $a(EBL)1471882 035 $a(OCoLC)861559157 035 $a(SSID)ssj0001036977 035 $a(PQKBManifestationID)12461520 035 $a(PQKBTitleCode)TC0001036977 035 $a(PQKBWorkID)11043369 035 $a(PQKB)11456828 035 $a(MiAaPQ)EBC1471882 035 $a(Au-PeEL)EBL1471882 035 $a(CaPaEBR)ebr10783442 035 $a(CaONFJC)MIL546387 035 $a(EXLCZ)992550000001150926 100 $a20131021h20132013 uy 0 101 0 $aeng 135 $aur|n|---||||| 181 $ctxt 182 $cc 183 $acr 200 10$aErnst Toller and German society $eintellectuals as leaders and critics, 1914-1939 /$fRobert Ellis 210 1$aMadison, [New Jersey] :$cFairleigh Dickinson University Press,$d[2013] 210 4$dİ2013 215 $a1 online resource (251 p.) 300 $aDescription based upon print version of record. 311 $a1-68393-068-1 311 $a1-61147-635-6 320 $aIncludes bibliographical references and index. 327 $aContents; Acknowledgments; Chapter One: Introduction; Chapter Two: The Intellectual as Critic; Chapter Three: "Wandering"; Chapter Four: The Attractions of Ideology; Chapter Five: Revolution of Love; Chapter Six: "A Gentle Apostle"; Chapter Seven: The Critic as Exile; Chapter Eight: Conclusion; Selected Bibliography; About the Author 330 $aBetween 1918 and 1939 Ernst Toller was one of Germany's prominent left-wing intellectuals, He was a leader of the German Revolution of 1918-1919, famous playwright of the 1920s and best known spokesman against Hitler during the 1930s, writing about a country unsuccessfully balancing between survival and annihilation. This study, the first comprehensive analysis in two decades, shows the influence that intellectuals can have in of a troubled society and asks what qualities make leaders effective. 517 3 $aIntellectuals as leaders and critics, 1914-1939 606 $aPolitics and literature$zGermany$xHistory$y20th century 606 $aDramatists, German$y20th century$vBiography 606 $aAuthors, German$y20th century$vBiography 606 $aIntellectuals$zGermany$xHistory$y20th century 607 $aGermany$xPolitics and government$y1918-1933 608 $aElectronic books. 615 0$aPolitics and literature$xHistory 615 0$aDramatists, German 615 0$aAuthors, German 615 0$aIntellectuals$xHistory 676 $a832/.912 700 $aEllis$b Robert$f1946-$0911332 801 0$bMiAaPQ 801 1$bMiAaPQ 801 2$bMiAaPQ 906 $aBOOK 912 $a9910453959503321 996 $aErnst Toller and German society$92040873 997 $aUNINA